000
002450000a22000970004500
100
1
_a
Castillo, José M.
245
1
0
_a
La utopía secuestrada
300
_a
Vol.308, núm.305 (Noviembre, 2004), Páginas 705-712
773
0
_t
Concilium
942
_c
ANA
999
_c
61076
_d
61076